Statistics for World Capitals on a borderless World Map by 10 closest by Latitude or Longitude in 90 Seconds

Click here to take the quiz!

General Stats

  • This quiz has been taken 1,709 times
  • The average score is 181 of 200

Answers on the Map

Answers color-coded by a green-red scale on the quiz's map according to % correct below.
Loading ...
 

Answer Stats

Capital% Correct
Ankara
99%
Beijing
99%
Kingston
99%
Lima
99%
Lisbon
99%
Madrid
99%
Nassau
99%
Panama City
99%
Port-au-Prince
99%
Pyongyang
99%
Santiago
99%
Santo Domingo
99%
Seoul
99%
Washington D.C.
99%
Yerevan
99%
Ashgabat
98%
Astana
98%
Baku
98%
Bogotá
98%
Cairo
98%
Canberra
98%
Dili
98%
Dublin
98%
Dushanbe
98%
Kathmandu
98%
Kuwait City
98%
New Delhi
98%
Ngerulmud
98%
Ottawa
98%
Quito
98%
Thimphu
98%
Tokyo
98%
Amman
97%
Apia
97%
Asmara
97%
Athens
97%
Beirut
97%
Brasília
97%
Cape Town
97%
Copenhagen
97%
Damascus
97%
Hanoi
97%
Harare
97%
Islamabad
97%
Kabul
97%
Kiev
97%
Minsk
97%
Oslo
97%
Prague
97%
Rabat
97%
Reykjavík
97%
Stockholm
97%
Ulaanbaatar
97%
Valletta
97%
Vilnius
97%
Wellington
97%
Algiers
96%
Buenos Aires
96%
Dhaka
96%
Dodoma
96%
Havana
96%
Helsinki
96%
Jakarta
96%
Jerusalem
96%
London
96%
Manila
96%
Montevideo
96%
Moroni
96%
Nicosia
96%
Port Moresby
96%
Singapore
96%
Taipei
96%
Tallinn
96%
Tehran
96%
Accra
95%
Amsterdam
95%
Antananarivo
95%
Baghdad
95%
Bandar Seri Begawan
95%
Manama
95%
Palikir
95%
Paris
95%
Phnom Penh
95%
Riga
95%
Tashkent
95%
Tripoli
95%
Addis Ababa
94%
Berlin
94%
Brussels
94%
Chișinău
94%
Funafuti
94%
Lilongwe
94%
Luanda
94%
Lusaka
94%
Luxembourg
94%
Malé
94%
Moscow
94%
Niamey
94%
Port Vila
94%
Suva
94%
Tunis
94%
Vientiane
94%
Andorra la Vella
93%
Bishkek
93%
Guatemala City
93%
Khartoum
93%
Kigali
93%
Ouagadougou
93%
Port Louis
93%
San Salvador
93%
Sri Jayawardenapura Kotte
93%
Yaoundé
93%
Belmopan
92%
Bujumbura
92%
Cotonou
92%
Honiara
92%
Kampala
92%
Ljubljana
92%
Lomé
92%
Naypyidaw
92%
Porto-Novo
92%
San Marino
92%
Sucre
92%
Budapest
91%
Juba
91%
La Paz
91%
Nairobi
91%
Nouakchott
91%
Vaduz
91%
Yamoussoukro
91%
Maputo
90%
Mbabane
90%
Mexico City
90%
Nukuʻalofa
89%
Sana'a
89%
Yaren
89%
Bern
88%
Brazzaville
88%
Kinshasa
88%
Rome
88%
South Tarawa
88%
Vatican City
88%
Bratislava
87%
N'Djamena
87%
Riyadh
87%
Conakry
86%
Doha
86%
Majuro
86%
Warsaw
86%
Windhoek
86%
Zagreb
86%
Bangkok
85%
Djibouti
85%
Roseau
85%
Victoria
85%
Vienna
85%
Abu Dhabi
84%
Dakar
84%
Freetown
84%
Libreville
84%
Muscat
84%
Praia
84%
Tbilisi
84%
Malabo
83%
Mogadishu
83%
Tegucigalpa
83%
Kuala Lumpur
82%
Bloemfontein
81%
Castries
81%
Sarajevo
81%
Bangui
80%
Bucharest
80%
Maseru
80%
São Tomé
80%
Belgrade
79%
Monaco
79%
San José
79%
Banjul
78%
Basseterre
78%
Managua
78%
Monrovia
78%
Port-of-Spain
78%
Abuja
77%
Bamako
77%
Bridgetown
77%
Tirana
77%
Asunción
76%
Kingstown
75%
Paramaribo
75%
Saint John's
75%
Bissau
73%
Caracas
73%
Podgorica
72%
Saint George's
71%
Georgetown
70%
Pristina
68%
Gaborone
67%
Pretoria
63%
Skopje
62%
Sofia
62%

Score Distribution

Percentile by Number Answered

Percent of People with Each Score

Your Score History

You have not taken this quiz